000 00666nam a2200253Ia 4500
003 OSt
005 20220925194946.0
006 a|||||r|||| 00| 0
007 ta
008 220923b |||||||| |||| 00| 0 eng d
037 _cGeneral Book
040 _aRTL
_cRTL
_beng
041 _2eng
_aeng
082 _aX.243s, N1/GD
110 _aPunjab
_993118
245 0 _aEconomic survey of Punjab
260 _aChandigarh
_bGovt Press India
_c1991
300 _a132p
_ccm.
650 _a Punjab
_9243311
650 _aEconomic Conditions
_930695
700 _aPunjab
_993119
942 _hX.243s, N1/GD
_cGB
_2CC
999 _c531350
_d531350